|
|
|
|
| LEADER |
01229nam a2200337 i 4500 |
| 001 |
31035 |
| 003 |
BD-DhAAL |
| 005 |
20231206134326.0 |
| 008 |
160412s2014 mnu bd 000 0 eng |
| 010 |
|
|
|a 2015372206
|
| 020 |
|
|
|a 9780314621306
|
| 020 |
|
|
|a 9780314613004
|
| 040 |
|
|
|a DLC
|b eng
|e rda
|c DLC
|d BD-DhAAL
|
| 050 |
0 |
0 |
|a KF156
|b .B53 2014
|
| 082 |
|
|
|2 23
|a 340.03
|
| 245 |
0 |
0 |
|a Black's law dictionary /
|c Bryan A. Garner, editor in chief.
|
| 246 |
3 |
0 |
|a Law dictionary
|
| 250 |
|
|
|a Tenth edition.
|
| 264 |
|
1 |
|a St. Paul, MN :
|b Thomson Reuters,
|c 2014
|
| 300 |
|
|
|a xxxv, 2016 pages ;
|c 26 cm
|
| 504 |
|
|
|a Includes bibliographical references (pages 1995-2016).
|
| 526 |
|
|
|a Law
|
| 541 |
|
|
|e 31035
|
| 650 |
|
0 |
|a Law
|z United States
|v Dictionaries.
|9 19080
|
| 650 |
|
0 |
|a Law
|v Dictionaries.
|9 19081
|
| 700 |
1 |
|
|a Garner, Bryan A.,
|e editor.
|9 19082
|
| 700 |
1 |
|
|a Black, Henry Campbell,
|d 1860-1927.
|t Law dictionary.
|9 19083
|
| 852 |
|
|
|a Ayesha Abed Library
|c Reference Section
|
| 942 |
|
|
|2 ddc
|c BK
|
| 999 |
|
|
|c 36735
|d 36735
|
| 952 |
|
|
|0 0
|1 0
|2 ddc
|4 0
|6 340_030000000000000_BLA
|7 0
|9 58584
|a BRACUL
|b BRACUL
|c REF
|d 2016-03-29
|e Trim Education
|g 10506.00
|l 4
|m 30
|o 340.03 BLA
|p 3010031035
|r 2019-07-15
|s 2019-07-15
|t 1
|v 10506.00
|w 2016-03-29
|y BK
|